• 首页
  • 本馆介绍
  • 公告通知
  • 最新文献
  • 馆藏检索
  • 电子资源
  • 读者导购
  • 参考咨询
  • 我的图书馆
  • 登录
  • 期刊详细显示
  • 现刊情况显示
  • 合订本情况显示
  • 篇目信息显示

期刊信息

  • 表格格式
  • 工作单格式
  • 卡片格式
索取号 
G51/WGJY
题名 
外国教育研究
作者 
外国教育研究编辑部
分册号 
分册名 
出版地 
吉林
出版者 
外国教育研究编辑部
标准刊号 
1006-7469
出版频率 
月刊
中图法分类 
G51
主题词 
教育事业 世界
电子资源 
000 00629nas0 2200217 45
001 0552754062
005 20070602173430.70
010    @d6.80
011    @a1006-7469@dCNY6.80(2006)
091    @aCN22-1022/G4
092    @b12-102
100    @a20051129d km y0chiy0120 ea
101 0  @achi
200 1  @a外国教育研究@AWai Guo Jiao Yu Yan Jiu@f外国教育研究编辑部@FWai Guo Jiao Yu Yan Jiu Bian Ji Bu
210    @a吉林@c外国教育研究编辑部
326    @a月刊
606 0  @a教育事业@x世界
690    @aG51@v4
711  0 @a外国教育研究编辑部@AWai Guo Jiao Yu Yan Jiu Bian Ji Bu
801  0 @aCN@bPFT@c20070602
905    @aTJWY@dG51@eWGJY
    
    外国教育研究/外国教育研究编辑部.-吉林:外国教育研究编辑部
    
    
    
    6.80 ISSN 1006-7469:CNY6.80(2006)
    
●
相关链接: 在易读查询期刊 在中国知网中查询期刊 在万方数据查询期刊 在维普查询期刊
唐山师范学院图书馆 欢迎您!
大连网信软件有限公司© 版权所有